Egyház a kommunikációs társadalomban a jelentés és a jelentőség krízise /
Elmentve itt :
| Szerző: | |
|---|---|
| Dokumentumtípus: | Könyv része |
| Megjelent: |
1998
|
| Sorozat: | Acta studiorum religionis
1 Tanulmányok András Imre 70. születésnapjára 1 |
| Kulcsszavak: | Vallásszociológia, Katolikus egyház - Magyarország - 20. sz. |
| Tárgyszavak: | |
| Online Access: | http://acta.bibl.u-szeged.hu/25170 |
| LEADER | 00844naa a2200217 i 4500 | ||
|---|---|---|---|
| 001 | acta25170 | ||
| 005 | 20210923081118.0 | ||
| 008 | 161017s1998 hu o 0|| hun d | ||
| 022 | |a 1419-2381 | ||
| 040 | |a SZTE Egyetemi Kiadványok Repozitórium |b hun | ||
| 041 | |a hun | ||
| 100 | 1 | |a Morel Gyula | |
| 245 | 1 | 0 | |a Egyház a kommunikációs társadalomban |h [elektronikus dokumentum] : |b a jelentés és a jelentőség krízise / |c Morel Gyula |
| 260 | |c 1998 | ||
| 300 | |a 80-88 | ||
| 490 | 0 | |a Acta studiorum religionis |v 1 | |
| 490 | 0 | |a Tanulmányok András Imre 70. születésnapjára |v 1 | |
| 650 | 4 | |a Bölcsészettudományok | |
| 650 | 4 | |a Filozófia, etika és vallástudományok | |
| 695 | |a Vallásszociológia, Katolikus egyház - Magyarország - 20. sz. | ||
| 856 | 4 | 0 | |u http://acta.bibl.u-szeged.hu/25170/1/religiosa_001_080-088.pdf |z Dokumentum-elérés |